Cerámica del levante español (Record no. 2253)

MARC details
000 -CABECERA
campo de control de longitud fija 01074nam a2200265 a 4500
001 - NÚMERO DE CONTROL
campo de control BRCA_2512
005 - FECHA Y HORA DE LA ÚLTIMA TRANSACCIÓN
campo de control 20190320203838.0
008 - DATOS DE LONGITUD FIJA--INFORMACIÓN GENERAL
campo de control de longitud fija 251108m19441952sp-a######---#000-0#spa-u
041 ## - CÓDIGO DE LENGUA
Código de lengua del texto/banda sonora o título independiente spa
044 ## - CÓDIGO DEL PAÍS DE LA ENTIDAD EDITORA/PRODUCTORA
Código MARC del país sp
050 #4 - SIGNATURA TOPOGRÁFICA DE LA BIBLIOTECA DEL CONGRESO
Número de clasificación NK4123
Número de documento/Ítem .G66 1944
100 1# - ENTRADA PRINCIPAL--NOMBRE DE PERSONA
Nombre de persona González Martí, Manuel
9 (RLIN) 7220
245 10 - MENCIÓN DE TÍTULO
Título Cerámica del levante español
Resto del título siglos medievales
Mención de responsabilidad, etc. por Manuel González Martí.
260 ## - PUBLICACIÓN, DISTRIBUCIÓN, ETC.
Lugar de publicación, distribución, etc. España
Nombre del editor, distribuidor, etc. Labor
Fecha de publicación, distribución, etc. 1944-1952
300 ## - DESCRIPCIÓN FÍSICA
Extensión 3 v.
Otras características físicas il. (algunas a color)
Dimensiones 27 cm.
500 ## - NOTA GENERAL
Nota general Los volúmenes 2 y 3 incluyen índice bibliográfico, de archivos, bibliotecas y museos, índice de azulejeros y ladrilleros, indíce cronológico, índice onomástico, índice toponímico y vocabulario cerámico
500 ## - NOTA GENERAL
Nota general v.2 ejemplar igual a A112 ; v.3 ejemplar igual a A111
500 ## - NOTA GENERAL
Nota general A4
505 0# - NOTA DE CONTENIDO CON FORMATO
Nota de contenido con formato Contenido: v.1. Loza. -- v.2. Alicatados y azulejos. -- v.3. Azulejos ´Socarrats´ y retablos
650 14 - PUNTO DE ACCESO ADICIONAL DE MATERIA--TÉRMINO DE MATERIA
Término de materia o nombre geográfico como elemento de entrada Azulejos españoles
9 (RLIN) 7221
650 14 - PUNTO DE ACCESO ADICIONAL DE MATERIA--TÉRMINO DE MATERIA
Término de materia o nombre geográfico como elemento de entrada Cerámica
Subdivisión general Historia
Subdivisión geográfica España
9 (RLIN) 2051
650 14 - PUNTO DE ACCESO ADICIONAL DE MATERIA--TÉRMINO DE MATERIA
Término de materia o nombre geográfico como elemento de entrada Cerámica
Subdivisión general Medieval
9 (RLIN) 7222
902 ## - CATALOGADOR
Iniciales GFM
942 ## - ELEMENTOS DE PUNTO DE ACCESO ADICIONAL (KOHA)
Fuente del sistema de clasificación o colocación Library of Congress Classification
Tipo de ítem Koha Libros
Holdings
Estado de retiro Estado de pérdida Estado dañado No para préstamo Localización permanente Ubicación/localización actual Fecha de adquisición Número de inventario Total de préstamos Signatura topográfica completa Código de barras Fecha visto por última vez Precio válido a partir de Tipo de ítem Koha
El ejemplar forma parte de la colección y puede ser consultado según las políticas vigentes.       Biblioteca del Museo Franz Mayer (Rogerio Casas-Alatriste) Biblioteca del Museo Franz Mayer (Rogerio Casas-Alatriste) 25/11/2008 A4   NK4123 .G66 1944 (A4) 2509 22/03/2019 22/03/2019 Libros